Hasta que la muerte nos separe / (Registro nro. 36)
[ vista simple ]
| 000 -LEADER | |
|---|---|
| fixed length control field | 01502nam a22002177a 4500 |
| 003 - CONTROL NUMBER IDENTIFIER | |
| control field | OSt |
| 005 - DATE AND TIME OF LATEST TRANSACTION | |
| control field | 20230712094353.0 |
| 008 - FIXED-LENGTH DATA ELEMENTS--GENERAL INFORMATION | |
| fixed length control field | 230705s2015 spa||||| |||| 00| 1 spa d |
| 020 ## - INTERNATIONAL STANDARD BOOK NUMBER | |
| International Standard Book Number | 9789500437288 |
| 040 ## - CATALOGING SOURCE | |
| Language of cataloging | spa |
| Transcribing agency | besoc |
| 100 1# - MAIN ENTRY--PERSONAL NAME | |
| Personal name | Carr, John Dickson, |
| Dates associated with a name | (1906-1977) |
| Relator term | autor |
| 245 10 - TITLE STATEMENT | |
| Title | Hasta que la muerte nos separe / |
| Statement of responsibility, etc. | John Dickson Carr ; traducción de Alberto Horovitz |
| 250 ## - EDITION STATEMENT | |
| Edition statement | 1a ed. |
| 260 ## - PUBLICATION, DISTRIBUTION, ETC. | |
| Place of publication, distribution, etc. | Buenos Aires : |
| Name of publisher, distributor, etc. | Emecé, |
| Date of publication, distribution, etc. | 2015 |
| 300 ## - PHYSICAL DESCRIPTION | |
| Extent | 239 p. |
| 490 ## - SERIES STATEMENT | |
| Series statement | El séptimo círculo / colección creada por Jorge Luis Borges y Adolfo Bioy Casares |
| 520 ## - SUMMARY, ETC. | |
| Summary, etc. | La apacible tranquilidad de un pueblo inglés es sacudida por un asesinato: un muerto aparece en un cuarto cerrado sin rastro alguno de ser suicida. Sin vacilaciones las sospechas recaen al comienzo sobre la figura de una forastera, la novia de un joven escritor del pueblo, que nunca había sido bien vista por los ojos locales. Pero, a medida que avanza la investigación, una amenaza se ciñe sobre la pareja: las maquinaciones del asesino son apenas una muestra de la feroz desconfianza que caracteriza a los convencionalismos pueblerinos. "¿Cómo diablos explicaría lo sucedido? ¿Cómo decirle, en pocas palabras, que la noche anterior había sospechado que era una hábil envenenadora...? Pero no: sería mejor contarle todo y disipar la pesadilla con una carcajada" [Nota del editor]. |
| 650 #4 - SUBJECT ADDED ENTRY--TOPICAL TERM | |
| Topical term or geographic name entry element | Literatura norteamericana |
| Form subdivision | Novelas |
| Chronological subdivision | Siglo XX |
| 700 1# - ADDED ENTRY--PERSONAL NAME | |
| Personal name | Horovitz, Alberto |
| Relator term | traductor |
| 942 ## - ADDED ENTRY ELEMENTS (KOHA) | |
| Source of classification or shelving scheme | Universal Decimal Classification |
| Koha item type | Obra General |
| Suppress in OPAC | No |
| Withdrawn status | Lost status | Source of classification or shelving scheme | Damaged status | Not for loan | Collection | Home library | Current library | Date acquired | Total checkouts | Full call number | Barcode | Date last seen | Price effective from | Koha item type |
|---|---|---|---|---|---|---|---|---|---|---|---|---|---|---|
| Universal Decimal Classification | Colección General | Biblioteca Escuela de Ciencias Sociales | Biblioteca Escuela de Ciencias Sociales | 12/07/2023 | 82-312.4(73) C311 | 000667 | 12/07/2023 | 12/07/2023 | Obra General |